Príručka fyzikálnych pojmov a vzťahov
Saved in:
| Main Author: | |
|---|---|
| Format: | Book |
| Language: | Slovak |
| Published: |
V Bratislave
Slovenská technická univerzita
2010
|
| Edition: | 1. vyd. |
| Subjects: | |
| Online Access: | View in OPAC |
| Tags: |
No Tags, Be the first to tag this record!
|
MARC
| LEADER | 00000cam a2200000 a 4500 | ||
|---|---|---|---|
| 005 | 20260127134012.0 | ||
| 008 | 180730s2010 xo d f 001 0 slo | ||
| 015 | |a SNBA2010/07-04074 | ||
| 020 | |a 9788022732017 |q (brož.) | ||
| 035 | |a vtls010095188 | ||
| 035 | |a ECB7831A-22E2-4C0E-8796-E1036A271553 | ||
| 035 | |a urn:nbn:sk:snk-amjfwp | ||
| 035 | |a urn:nbn:sk:snk-am001rm3 | ||
| 039 | 9 | |a 201909121129 |b AUTHORITY |c 201909121113 |d AUTHORITY |c 201807301544 |d VLOAD |c 201508271330 |d VLOAD |y 201005131249 |z msvkbb03 | |
| 040 | |a SVKBB |b slo |c SVKBB |d SNK |d STUSCHK1 |e AACR2 | ||
| 041 | 0 | |a slo | |
| 044 | |a xo |c SK | ||
| 072 | 7 | |a 53 |x Fyzika |2 konspekt | |
| 080 | |a 53.081.6/.7 |2 2001 | ||
| 080 | |a 53.023 |2 2001 | ||
| 080 | |a (035) |2 2001 | ||
| 080 | |a 53.081.3/.5 |2 2001 | ||
| 080 | |a 81'373.46 |2 2001 | ||
| 100 | 1 | |a Červeň, Ivan, |d 1933- |9 1222 | |
| 245 | 1 | 0 | |a Príručka fyzikálnych pojmov a vzťahov |c Ivan Červeň |
| 250 | |a 1. vyd. | ||
| 260 | |a V Bratislave |b Slovenská technická univerzita |c 2010 | ||
| 300 | |a 151 s. |c 21 cm | ||
| 500 | |a 500 výt. | ||
| 504 | |a Bibliogr. s. 150. Reg. | ||
| 650 | 0 | 7 | |a fyzikálne veličiny |2 SNKPH |
| 650 | 0 | 7 | |a fyzikálne vzorce |2 SNKPH |
| 650 | 0 | 7 | |a fyzikálne jednotky |2 SNKPH |
| 650 | 0 | 7 | |a odborná terminológia |2 SNKPH |
| 655 | 7 | |a príručky |2 SNKPH | |
| 919 | |a 978-80-227-3201-7 | ||
| 958 | |a NB | ||
| 968 | |d 53+54 | ||
| 980 | |a 53.081.3/.7 |x (035) |2 2001 | ||
| 980 | |a 81'373.46 |2 2001 | ||
| 999 | |c 1877 |d 1877 | ||